| 000 | 00522na a2200193 4500 | ||
|---|---|---|---|
| 001 | 22598 | ||
| 003 | MIRAKIL | ||
| 005 | 20181213155012.0 | ||
| 008 | 170220b tu 000 0 | ||
| 035 | _a13708 | ||
| 040 |
_aMilas _btur _cTR-AnCHP |
||
| 041 | _atur | ||
| 082 |
_aATA 779.99561 _bA72 [t.y.] |
||
| 090 | _aATA 779.99561 A72 [t.y.] | ||
| 245 | _a[Atatürk fotoğrafları] [albüm] | ||
| 600 |
_aAtatürk, Mustafa Kemal _d1881-1938 _xFotoğraflar |
||
| 651 |
_aTürkiye _xTarih _yFotoğraflar |
||
| 942 |
_2ddc _cBKS |
||
| 999 |
_c4616 _d4616 |
||